000
00287nam a22001337a 4500
008
170615b xxu||||| |||| 00| 0 eng d
020
_a
9780415203166
041
_a
eng
080
_a
32
100
_a
19
101
_a
SHP
245
_a
CHALLENGING DEMOCRACY
_c
ARNOT,M
942
_2
udc
_c
BK
999
_c
17623
_d
17623